| 000 | 00732cam a2200205 i 4500 | ||
|---|---|---|---|
| 005 | 20251209120418.0 | ||
| 008 | 250721r2019 ue gr 000 0 ara d | ||
| 020 | _a9789773366537 | ||
| 082 | 1 | 4 |
_a216.15 _bه ا د |
| 100 | 1 |
_aالهادي، احمد الهادي _eمؤلف. |
|
| 245 | 1 | 0 |
_aاثر الباعث غير المشروع في العقود والتصرفات / _cتاليف دكتور الهادي احمد الهادي. |
| 250 | _aالطبعة الاولى. | ||
| 264 | 3 | 1 |
_aالمنصورة : _bدار اليقين، _c2019. |
| 300 | _a508صفحة. | ||
| 650 | 1 | 7 | _aالفقة الاسلامي. |
| 650 | 1 | 7 | _aاصول الفقة. |
| 650 | 1 | 7 | _aالعقود. |
| 942 |
_2ddc _cBK |
||
| 999 |
_c144037 _d144037 |
||